| 000 | 00000nam##2200000za#4500 |
| 001 | 9.662719 |
| 003 | CaOODSP |
| 005 | 20210615120715 |
| 007 | ta |
| 008 | 150407|2001||||xxc||||| f|0| 0 eng|d |
| 020 | |a0-662-65678-4 |
| 040 | |aCaOODSP|beng |
| 041 | |aeng |
| 041 | |afre |
| 043 | |an-cn--- |
| 086 | 1 |aCL4-3/2001 |
| 110 | 1 |aCanada.|bLeadership Network. |
| 245 | 10|aBravo: a guide to implement a culture of recognition in the Public Service of Canada |
| 260 | |aOttawa - Ontario : |bLeadership Network |c2001. |
| 300 | |aEnglish text, 18p. : |breferences ; |c23 cm. |
| 500 | |a"Bravo! is a guide to establish a culture of recognition within the public service, a culture that reinforces corporate priorities and departmental directions... This guide provides a seven step model to building a culture of recognition and a list of 20 inspirational and effective methods for implementing pride and recognition as part of the Government of Canada's renewal of the public service."--Page 4. |
| 520 | 3 |aBravo! is a guide to establish a culture of recognition within the public service, a culture that reinforces corporate priorities and departmental directions... This guide provides a seven step model to building a culture of recognition and a list of 20 inspirational and effective methods for implementing pride and recognition as part of the Government of Canada's renewal of the public service.--Page 4 |
| 546 | |aBilingual |
| 563 | |aSoftcover |
| 590 | |a01-29|b2001-07-20 |
| 776 | 0#|tBravo : |w(CaOODSP)9.639893 |
| 776 | 0#|tBravo : |w(CaOODSP)9.695771 |
| 792 | |tBravo: guide pour l'instauration d'une culture de la reconnaissance à la fonction publique du Canada |efre|w(CaOODSP)9.662720 |